[Event "Euskirchen- Düsseldorf 2"]
[Site "?"]
[Date "2022.10.30"]
[Round "3.2"]
[White "Von Buenau, Heinrich"]
[Black "Hack, Thomas"]
[Result "1-0"]
[WhiteElo "2204"]
[BlackElo "2010"]
[PlyCount "41"]
[SourceVersionDate "2023.06.22"]

1. d4 d6 2. g3 g6 3. Bg2 Bg7 4. Nf3 e6 5. O-O Ne7 6. c4 O-O 7. b3 c5 8. Bb2
Nbc6 9. e3 Nf5 10. Qd2 Qc7 11. Nc3 a6 12. d5 Ne5 13. Nxe5 dxe5 14. Rfd1 Rb8 15.
d6 Qd7 16. Ne4 b6 17. b4 cxb4 18. Qxb4 Bb7 19. Rac1 Ba8 20. Qa3 Qb7 21. Nf6+
1-0

[Event "Euskirchen- Düsseldorf 2"]
[Site "?"]
[Date "2022.10.30"]
[Round "3.4"]
[White "Reckers, Sebastian"]
[Black "Mueller, Michael"]
[Result "0-1"]
[WhiteElo "2003"]
[BlackElo "2194"]
[PlyCount "90"]
[SourceVersionDate "2023.06.22"]

1. e4 e6 2. d4 d5 3. e5 c5 4. c3 Nc6 5. Nf3 Nge7 6. Be2 Nf5 7. g4 Nh4 8. Nxh4
Qxh4 9. Be3 Bd7 10. Nd2 cxd4 11. cxd4 h5 12. Nf3 Bb4+ 13. Bd2 Qxg4 14. Bxb4
Nxb4 15. Qd2 a5 16. a3 Nc6 17. Rg1 Qe4 18. Rxg7 O-O-O 19. O-O-O Rhg8 20. Rdg1
Rxg7 21. Rxg7 Kb8 22. b3 Rc8 23. Kb2 Be8 24. Rg3 h4 25. Rh3 Qg4 26. Rxh4 Qg2
27. Qe3 Ne7 28. Bd3 a4 29. Rf4 axb3 30. Kxb3 Nc6 31. Qe1 b6 32. Qf1 Qg7 33. Qh3
f5 34. exf6 Qc7 35. Qg3 e5 36. dxe5 Na5+ 37. Ka2 Qc1 38. Rb4 Rc3 39. Rxb6+ Kc7
40. Rb2 Rxa3+ 41. Kxa3 Qa1+ 42. Kb4 Qxb2+ 43. Kc5 Qc3+ 44. Kxd5 Qxd3+ 45. Ke6
Qd7# 0-1

[Event "Euskirchen- Düsseldorf 2"]
[Site "?"]
[Date "2022.10.30"]
[Round "3.5"]
[White "Berndt, Axel"]
[Black "Blumenthal, Ralf"]
[Result "1-0"]
[WhiteElo "2156"]
[BlackElo "1884"]
[PlyCount "59"]
[SourceVersionDate "2023.06.22"]

1. e4 c5 2. c3 d5 3. exd5 Qxd5 4. d4 cxd4 5. cxd4 Nc6 6. Nf3 Bg4 7. Nc3 Qa5 8.
d5 O-O-O 9. Bd2 Nb4 10. Bc4 e6 11. a3 Qc5 12. Be2 Nxd5 13. Rc1 Kb8 14. Qa4 Bxf3
15. Bxf3 Nb6 16. Qf4+ Qd6 17. Nb5 g5 18. Nxd6 gxf4 19. Nxf7 Rd7 20. Bxf4+ Ka8
21. Nxh8 Bg7 22. Be3 Bxb2 23. Rc2 Bxh8 24. Bxb6 axb6 25. Rc8+ Ka7 26. Rxg8 Bb2
27. Ke2 b5 28. Rb1 Bxa3 29. Rxb5 b6 30. Ra8# 1-0

[Event "Euskirchen- Düsseldorf 2"]
[Site "?"]
[Date "2022.10.30"]
[Round "3.7"]
[White "Kesseler, Heiko"]
[Black "Alnafkhosh, Nashaat"]
[Result "1-0"]
[WhiteElo "2023"]
[BlackElo "1773"]
[PlyCount "169"]
[SourceVersionDate "2023.06.22"]

1. e4 c5 2. Nf3 d6 3. Bb5+ Bd7 4. Bxd7+ Nxd7 5. O-O Ngf6 6. Re1 e6 7. c3 Be7 8.
d4 O-O 9. Nbd2 Rc8 10. Nf1 cxd4 11. Nxd4 Ne5 12. Ng3 a6 13. f4 Nc6 14. Be3 e5
15. Ndf5 exf4 16. Nxe7+ Nxe7 17. Bxf4 Qb6+ 18. Be3 Qxb2 19. Bd4 Rfe8 20. Rb1
Qxa2 21. Bxf6 gxf6 22. Nh5 Qe6 23. Qf3 f5 24. exf5 Qh6 25. Re4 Nc6 26. Rxe8+
Rxe8 27. Qg4+ Kh8 28. h3 Ne5 29. Qh4 Rg8 30. Qf6+ Qxf6 31. Nxf6 Rb8 32. Ne4 Nc4
33. Rd1 Rd8 34. Rd4 b5 35. f6 h6 36. Ng3 d5 37. Nf5 Kh7 38. Rh4 Kg6 39. Nxh6
Rh8 40. Rg4+ Kxf6 41. Ng8+ Ke6 42. Kf2 Ne5 43. Rg3 f6 44. Rg7 Nc6 45. Rg6 a5
46. Rxf6+ Kd7 47. Rg6 a4 48. Nf6+ Kc7 49. Nxd5+ Kb7 50. Rg7+ Ka6 51. Rg6 Kb7
52. Rg7+ Kb8 53. Rg6 Rc8 54. Rg5 Na7 55. Rg3 Rc4 56. Nb4 Kb7 57. Rg7+ Kb8 58.
Rg8+ Nc8 59. Na2 Kb7 60. Ke2 Nd6 61. Rg7+ Kc8 62. Kd3 Rf4 63. Re7 Kd8 64. Re2
Kd7 65. Ke3 Rf1 66. Kd4 Rf4+ 67. Ke3 Rf1 68. Rd2 Kc7 69. Kd4 Rb1 70. Nb4 Rb3
71. Rf2 a3 72. Ra2 Rb2 73. Rxa3 Rxg2 74. Ra7+ Nb7 75. Nd5+ Kb8 76. Ra6 Rh2 77.
Rh6 Nd8 78. Rh8 Kc8 79. Kc5 Kd7 80. Kxb5 Ne6 81. Kc4 Ng5 82. h4 Nf7 83. Rh7 Ke6
84. Kc5 Ne5 85. Re7+ 1-0

[Event "Herzogenrath- Köln 2"]
[Site "?"]
[Date "2022.10.30"]
[Round "3.2"]
[White "Andok, Claus"]
[Black "Schwibbert, Jonas"]
[Result "1/2-1/2"]
[WhiteElo "2087"]
[BlackElo "1962"]
[Annotator "daniel"]
[PlyCount "130"]
[SourceVersionDate "2023.06.22"]

1. c4 e5 2. g3 c6 3. Bg2 d5 4. cxd5 cxd5 5. d3 Nc6 6. Nc3 Nf6 7. Bg5 Be6 8. Nf3
Qb6 9. Na4 Qa5+ 10. Bd2 Bb4 11. O-O O-O 12. a3 Bxd2 13. Nxd2 Rfc8 14. b4 Qc7
15. Rc1 Qe7 16. e3 b6 17. Nb3 Nxb4 18. axb4 Qxb4 19. Ra1 Bd7 20. Qd2 Qxd2 21.
Nxd2 b5 22. Nb2 Rc2 23. Nbc4 bxc4 24. Nxc4 Rc8 25. Nd6 Rb8 26. Rxa7 Rc6 27.
Nxf7 Kxf7 28. Rxd7+ Nxd7 29. Bxd5+ Re6 30. Rc1 Ke7 31. Bxe6 Kxe6 32. Rc6+ Ke7
33. Rc4 Rb1+ 34. Kg2 Rd1 35. Rc3 Kd6 36. Kf3 g5 37. Kg4 Nc5 38. f4 gxf4 39.
exf4 exf4 40. Kxf4 Nxd3+ 41. Kg5 Nf2 42. Kh6 Ne4 43. Rc8 Kd7 44. Ra8 Nf6 45.
Kg7 Rf1 46. Ra6 Ng4 47. Kxh7 Nxh2 48. Ra5 Rg1 49. Kg6 Nf1 50. Kf5 Nxg3+ 51. Ke5
Re1+ 52. Kd5 Rd1+ 53. Ke5 Re1+ 54. Kd5 Nf5 55. Ra7+ Kc8 56. Rh7 Ne7+ 57. Kd6
Rd1+ 58. Kc5 Kd7 59. Rh6 Rc1+ 60. Kb5 Rb1+ 61. Kc5 Ra1 62. Kb5 Nc6 63. Rh7+ Kd6
64. Rh6+ Kd5 65. Rh5+ Ne5 {Remis nach 105 Zügen!} 1/2-1/2

[Event "Herzogenrath- Köln 2"]
[Site "?"]
[Date "2022.10.30"]
[Round "3.3"]
[White "Klemenz, Luca"]
[Black "Schreyer, Oliver"]
[Result "1-0"]
[WhiteElo "1899"]
[BlackElo "2116"]
[Annotator "daniel"]
[PlyCount "79"]
[SourceVersionDate "2023.06.22"]

1. Nf3 e6 2. c4 d5 3. d4 c6 4. Qc2 f5 5. Bf4 Bd6 6. e3 Nf6 7. Nc3 O-O 8. Bd3
Na6 9. a3 Nc7 10. Ne5 Nh5 11. g4 Nxf4 12. exf4 dxc4 13. Bxc4 Bxe5 14. dxe5 fxg4
15. Bd3 Qh4 16. O-O-O Rxf4 17. Bxh7+ Kh8 18. h3 Rxf2 19. Qe4 Qg5+ 20. Kb1 g3
21. h4 Qe7 22. Bg6 Nd5 23. Qg4 Qc5 24. Nxd5 exd5 25. Qxg3 Bf5+ $11 26. Bxf5
Rxf5 27. Rdg1 Qe7 28. Re1 $11 Re8 29. e6 Qf6 30. Rhg1 Rf3 31. Qc7 Qe7 32. Qe5
Rf6 33. Qd4 b6 34. Rg5 Qc5 35. Qg4 Re7 36. Rf5 Rxf5 37. Qxf5 Kg8 38. Rf1 Qd6
39. Qf8+ Kh7 40. Rf7 1-0

[Event "Herzogenrath- Köln 2"]
[Site "?"]
[Date "2022.10.30"]
[Round "3.4"]
[White "Horbach, Fabian"]
[Black "Hendrix, Joachim"]
[Result "0-1"]
[WhiteElo "1975"]
[BlackElo "1923"]
[PlyCount "72"]
[SourceVersionDate "2023.06.22"]

1. d4 d6 2. Nf3 g6 3. c4 Bg7 4. Nc3 Nd7 5. e4 e5 6. d5 a5 7. Be2 Nc5 8. O-O f5
9. exf5 Bxf5 10. Be3 b6 11. a3 Nf6 12. b4 Nce4 13. Nxe4 Nxe4 14. Qb3 a4 15. Qb2
h6 16. Rac1 O-O 17. Rfd1 Qe7 18. Nd2 Ng5 19. c5 bxc5 20. bxc5 e4 21. cxd6 cxd6
22. Qb6 Nf7 23. Rc7 Qh4 24. Nc4 Rad8 25. Bd4 Rb8 26. Rb7 Rxb7 27. Qxb7 Bxd4 28.
Rxd4 Qf6 29. Qb2 Ng5 30. Ne3 Bd7 31. Bd1 Nf7 32. Rb4 Ne5 33. Rb8 Kg7 34. Rxf8
Nf3+ 35. gxf3 Qxb2 36. Rd8 Bh3 0-1

[Event "Herzogenrath- Köln 2"]
[Site "?"]
[Date "2022.10.30"]
[Round "3.5"]
[White "Graf, Peter"]
[Black "Haverkamp, Klaus"]
[Result "1/2-1/2"]
[WhiteElo "1882"]
[BlackElo "1863"]
[PlyCount "162"]
[SourceVersionDate "2023.06.22"]

1. d4 d5 2. Nf3 Nf6 3. g3 e6 4. Bg2 Bd6 5. O-O Nbd7 6. Nbd2 O-O 7. c4 c6 8. Re1
Re8 9. e4 dxe4 10. Ng5 e5 11. Ngxe4 Bc7 12. Nb3 Nxe4 13. Rxe4 Nf6 14. Bg5 Bf5
15. Rh4 h6 16. Be3 Bb6 17. Qf3 Be4 18. Qd1 exd4 19. Bxd4 Bxd4 20. Qxd4 Qxd4 21.
Nxd4 Rad8 22. Bxe4 Rxe4 23. Rxe4 Nxe4 24. Nf3 f5 25. Nh4 Rd2 26. Nxf5 Nxf2 27.
b3 Nh3+ 28. Kh1 Ng5 29. Rf1 Rxa2 30. Nd6 b6 31. h4 Nh7 32. Re1 Nf6 33. Re7 Nh5
34. g4 Ng3+ 35. Kg1 Ne2+ 36. Kh1 Nd4 37. Re8+ Kh7 38. Re3 Rb2 39. Rd3 Nxb3 40.
Nc8 Nc5 41. Rd6 Ne4 42. Rxc6 Nd2 43. Kg1 Rc2 44. Nxa7 Rxc4 45. Rxc4 Nxc4 46.
Kf2 Kg6 47. Kg3 Kf6 48. Nb5 Ke5 49. h5 Nd6 50. Nc7 b5 51. Na6 Ne4+ 52. Kf3 Nf6
53. Nb4 Nd5 54. Nc6+ Kd6 55. Nd4 b4 56. Ke4 Nf6+ 57. Kd3 Kd5 58. Nf5 Nxg4 59.
Nxg7 Ne5+ 60. Kc2 Ke4 61. Kb3 Nc6 62. Kc4 Ke5 63. Ne8 Kf5 64. Kb3 Kg5 65. Ng7
Kf6 66. Ne8+ Kg5 67. Ng7 Ne7 68. Kxb4 Nf5 69. Nxf5 Kxf5 70. Kc3 Kg5 71. Kd2
Kxh5 72. Ke1 Kg4 73. Kf1 Kg3 74. Kg1 h5 75. Kh1 Kh3 76. Kg1 Kg3 77. Kh1 Kh3 78.
Kg1 h4 79. Kh1 Kg3 80. Kg1 h3 81. Kh1 h2 1/2-1/2

[Event "Herzogenrath- Köln 2"]
[Site "?"]
[Date "2022.10.30"]
[Round "3.6"]
[White "Arns, Danny"]
[Black "Schlaebitz, Joel"]
[Result "0-1"]
[WhiteElo "1887"]
[BlackElo "1742"]
[PlyCount "112"]
[SourceVersionDate "2023.06.22"]

1. e4 e5 2. Nf3 Nc6 3. Bc4 Bc5 4. c3 Nf6 5. d3 d6 6. Nbd2 a6 7. Bb3 Ba7 8. O-O
h6 9. h3 g5 10. Nh2 h5 11. Kh1 h4 12. Qf3 Qe7 13. Nc4 Nh5 14. Ne3 Nf4 15. Nd5
Nxd5 16. Bxd5 Nd8 17. Ng4 Bxg4 18. Qxg4 c6 19. Bb3 f6 20. Be3 Qd7 21. Qxd7+
Kxd7 22. Rad1 Ne6 23. Bxe6+ Kxe6 24. d4 d5 25. dxe5 fxe5 26. exd5+ cxd5 27.
Bxg5 Rag8 28. Be3 Bxe3 29. fxe3 Rg3 30. Rf3 Rhg8 31. Rxg3 Rxg3 32. Re1 Kf5 33.
Kg1 Ke4 34. Kf2 b5 35. a4 bxa4 36. Ra1 Rxe3 37. Rxa4+ Kd3 38. b4 Re2+ 39. Kf1
Rb2 40. Rxa6 Kxc3 41. g4 hxg3 42. Ra3+ Kxb4 43. Rxg3 e4 44. h4 Kc4 45. Rh3 d4
46. h5 Rb1+ 47. Ke2 d3+ 48. Kd2 Kd4 49. Rh4 Rb2+ 50. Ke1 Kc3 51. Rh3 Rb1+ 52.
Kf2 Kc2 53. h6 d2 54. h7 d1=Q 55. h8=Q Qg1+ 56. Ke2 Qe1# 0-1

[Event "Herzogenrath- Köln 2"]
[Site "?"]
[Date "2022.10.30"]
[Round "3.7"]
[White "Terwagne, Bertrand"]
[Black "Samraoui, Mekki"]
[Result "1-0"]
[WhiteElo "1847"]
[BlackElo "2066"]
[PlyCount "75"]
[SourceVersionDate "2023.06.22"]

1. e4 e6 2. d4 d5 3. Nd2 Nf6 4. e5 Nfd7 5. Bd3 c5 6. c3 Nc6 7. Ne2 Be7 8. O-O
O-O 9. f4 f5 10. exf6 Nxf6 11. Nf3 Bd7 12. Kh1 Rc8 13. Be3 Qc7 14. dxc5 Ng4 15.
Bg1 Rf6 16. Ng5 Rh6 17. Bxh7+ Kf8 18. Nd4 e5 19. Nde6+ Bxe6 20. Nxe6+ Rxe6 21.
Qxg4 Rf6 22. fxe5 Nxe5 23. Qh5 Rd8 24. Bd4 Nf7 25. Bg6 Nh6 26. Bxf6 Bxf6 27.
Rxf6+ gxf6 28. Qxh6+ Qg7 29. Qxg7+ Kxg7 30. Bh5 d4 31. Rd1 Kh6 32. Bf3 d3 33.
Rd2 Kg5 34. Kg1 Kf4 35. Kf2 Rc8 36. Rxd3 Rxc5 37. Rd4+ Kg5 38. Rd5+ 1-0

[Event "Herzogenrath- Köln 2"]
[Site "?"]
[Date "2022.10.30"]
[Round "3.8"]
[White "Klisanin, Dragan- Mirko"]
[Black "Strehse, Nelson"]
[Result "0-1"]
[WhiteElo "1953"]
[BlackElo "1337"]
[PlyCount "124"]
[SourceVersionDate "2023.06.22"]

1. c4 e5 2. Nc3 Nf6 3. e3 Nc6 4. d4 exd4 5. exd4 d5 6. cxd5 Nxd5 7. Bb5 Be7 8.
Nge2 O-O 9. O-O Bf6 10. Qa4 Nb6 11. Qc2 Nxd4 12. Nxd4 Qxd4 13. Be3 Qb4 14. a3
Qe7 15. Rfe1 Be6 16. Ne4 Qd8 17. Rad1 Nd5 18. Nxf6+ Qxf6 19. Bd4 Qg5 20. Re5
Qh4 21. Be2 Nf4 22. Bf3 c6 23. g3 Nh3+ 24. Kg2 Nf4+ 25. Kh1 Qh3 26. Qe4 Ng6 27.
Rh5 Qxh5 28. Bxh5 Bd5 29. Bf3 Bxe4 30. Bxe4 Rad8 31. Rd2 Rfe8 32. f3 c5 33. Bc3
Rxd2 34. Bxd2 b6 35. Kg1 Ne5 36. Kf2 Rd8 37. Bc3 Nc4 38. Ke2 f6 39. a4 Kf7 40.
Bc2 Ne5 41. f4 Nc6 42. Bb3+ Kf8 43. Bc4 Nd4+ 44. Ke3 Ke7 45. Ke4 f5+ 46. Ke3
Rd6 47. h3 Rh6 48. h4 Rg6 49. Kf2 Kd6 50. Bg8 h6 51. Bf7 Rf6 52. Bc4 Rf8 53.
Bd3 Re8 54. Bc4 Re7 55. Bd2 a6 56. Bxa6 Ra7 57. Bb5 Nxb5 58. axb5 Kd5 59. b3
Kd4 60. Kf3 h5 61. Be1 Ra3 62. Bf2+ Kd3 0-1

[Event "Bochum 2- Aachen 2"]
[Site "?"]
[Date "2022.10.30"]
[Round "3.1"]
[White "Coenen, Norbert"]
[Black "Kraemer, Matthias"]
[Result "1/2-1/2"]
[WhiteElo "2265"]
[BlackElo "2225"]
[PlyCount "45"]
[SourceVersionDate "2023.06.22"]

1. e4 c5 2. Nf3 Nc6 3. d4 cxd4 4. Nxd4 e6 5. Nc3 Qc7 6. Be2 Nf6 7. O-O Be7 8.
Be3 O-O 9. f4 d6 10. Qe1 Nxd4 11. Bxd4 e5 12. Be3 a6 13. Qg3 b5 14. fxe5 dxe5
15. Bh6 Qb6+ 16. Kh1 Nh5 17. Qxe5 Qxh6 18. Qxh5 Qxh5 19. Bxh5 Bf6 20. Nd5 Bxb2
21. Rab1 Ba3 22. Rb3 Bd6 23. Rd3 1/2-1/2

[Event "Bochum 2- Aachen 2"]
[Site "?"]
[Date "2022.10.30"]
[Round "3.2"]
[White "Spiess, Timo"]
[Black "Lamby, Philipp"]
[Result "1-0"]
[WhiteElo "2187"]
[BlackElo "2164"]
[Annotator "daniel"]
[PlyCount "69"]
[SourceVersionDate "2023.06.22"]

1. e4 e5 2. Nf3 Nc6 3. Bb5 a6 4. Bxc6 dxc6 5. d3 Bd6 6. Be3 c5 7. Nbd2 Ne7 8.
Nc4 Ng6 9. a4 h6 10. O-O Qf6 11. Nfd2 Be7 12. Qf3 Qxf3 13. Nxf3 f6 14. Nfd2 b6
15. Nb3 a5 16. Nc1 $11 Nf4 17. Bxf4 exf4 18. Ne2 g5 19. Nc3 Be6 20. Nd5 Bxd5
21. exd5 Rd8 22. g3 Rxd5 23. gxf4 gxf4 24. Kh1 Kf7 25. Rg1 Rg5 26. Nd2 f5 27.
Nf3 Rxg1+ 28. Rxg1 Bf6 29. b3 Re8 30. Re1 Rxe1+ 31. Nxe1 Bc3 32. Ng2 Bd2 33. c4
Kf6 34. Nh4 Ke5 35. Nf3+ 1-0

[Event "Bochum 2- Aachen 2"]
[Site "?"]
[Date "2022.10.30"]
[Round "3.3"]
[White "Huesmann, Thomas"]
[Black "Schaefers, Andreas"]
[Result "1/2-1/2"]
[WhiteElo "2146"]
[BlackElo "2044"]
[PlyCount "85"]
[SourceVersionDate "2023.06.22"]

1. e4 c5 2. Nc3 a6 3. d4 cxd4 4. Qxd4 e6 5. f4 b5 6. Nf3 Bb7 7. Bd3 Nc6 8. Qf2
Nb4 9. O-O Rc8 10. Be3 Qc7 11. a3 Nxd3 12. cxd3 Nf6 13. h3 Be7 14. Rac1 Qb8 15.
g4 O-O 16. Ne2 Rxc1 17. Rxc1 Rc8 18. Rxc8+ Qxc8 19. Ng3 a5 20. g5 Ne8 21. Qe1
b4 22. axb4 axb4 23. Qc1 Qxc1+ 24. Bxc1 Ba6 25. Ne1 Bc5+ 26. Kf1 Nc7 27. Ke2 d5
28. Be3 Bd6 29. e5 Be7 30. Nf3 Bb5 31. Nd4 Bd7 32. Kd2 f6 33. gxf6 gxf6 34. Nb3
fxe5 35. fxe5 Na6 36. Ne2 Kf7 37. Nf4 Bf8 38. Nd4 Nc5 39. Nf3 h6 40. Bxc5 Bxc5
41. d4 Be7 42. h4 Bb5 43. b3 1/2-1/2

[Event "Bochum 2- Aachen 2"]
[Site "?"]
[Date "2022.10.30"]
[Round "3.7"]
[White "Winkels, Marcel"]
[Black "Birkemeyer, Jan"]
[Result "0-1"]
[WhiteElo "1965"]
[BlackElo "1886"]
[PlyCount "108"]
[SourceVersionDate "2023.06.22"]

1. e4 c5 2. Nf3 e6 3. d3 d5 4. Nbd2 Nc6 5. g3 Nf6 6. Bg2 d4 7. O-O e5 8. Nc4
Bd6 9. a4 O-O 10. Nh4 Re8 11. Nf5 Bf8 12. f4 Bxf5 13. exf5 e4 14. dxe4 Nxe4 15.
Ne5 Nxe5 16. Bxe4 Nc6 17. Qf3 c4 18. Bd2 Bc5 19. Kh1 Qf6 20. Rad1 Rad8 21. Rfe1
d3 22. Bc3 Bd4 23. Bxc6 Rxe1+ 24. Rxe1 Bxc3 25. bxc3 Qxc6 26. Qxc6 bxc6 27.
cxd3 cxd3 28. Kg2 Kf8 29. Kf2 c5 30. c4 Rd4 31. Ke3 Rxc4 32. Kxd3 Rxa4 33. Re5
Ra2 34. Rxc5 Rxh2 35. Ke4 Ra2 36. Rc7 Re2+ 37. Kf3 Re7 38. Rc8+ Re8 39. Rc6 Ra8
40. f6 a5 41. fxg7+ Kxg7 42. Rc3 a4 43. Ra3 f5 44. g4 fxg4+ 45. Kxg4 Kg6 46.
f5+ Kf6 47. Kf4 Ra7 48. Kg4 Ra5 49. Ra1 a3 50. Kf3 a2 51. Kg4 Ra3 52. Kf4 h5
53. Ke4 h4 54. Kd4 h3 0-1

[Event "Holsterhausen- Lasker Köln 2"]
[Site "?"]
[Date "2022.10.30"]
[Round "3.1"]
[White "Mandt, Mathias"]
[Black "Schwalen, Peter"]
[Result "1/2-1/2"]
[WhiteElo "2117"]
[BlackElo "2079"]
[PlyCount "113"]
[SourceVersionDate "2023.06.22"]

1. d4 Nf6 2. c4 g6 3. Nc3 d5 4. cxd5 Nxd5 5. e4 Nxc3 6. bxc3 c5 7. Bc4 Bg7 8.
Ne2 Nc6 9. Be3 O-O 10. Rc1 Bg4 11. f3 Na5 12. Bd3 Be6 13. d5 c4 14. Bc2 Bd7 15.
O-O e5 16. Bc5 Re8 17. Bb4 b5 18. a4 Nb7 19. axb5 Bxb5 20. Ba4 a5 21. Ba3 Bxa4
22. Qxa4 Qb6+ 23. Kh1 Qb3 24. Qxb3 cxb3 25. c4 Bf8 26. c5 Rec8 27. d6 Rc6 28.
Rc3 a4 29. Rd1 Bh6 30. g3 f6 31. f4 Bg7 32. Rc4 Kf7 33. Nc3 Ke6 34. fxe5 fxe5
35. Nb5 Ra5 36. Nc7+ Kf7 37. Rd5 Bf6 38. Rc1 Raxc5 39. Rdxc5 Rxc5 40. Bxc5 Nxc5
41. Nb5 Nxe4 42. Rc4 Nd2 43. Rxa4 b2 44. Na3 b1=Q+ 45. Nxb1 Nxb1 46. Ra7+ Ke6
47. Rxh7 Kxd6 48. Rh6 e4 49. Rxg6 Ke7 50. Rg4 Nd2 51. h4 e3 52. Kg2 Kf7 53. h5
Bg7 54. Rf4+ Ke6 55. Rg4 Kf7 56. Rf4+ Ke6 57. Rg4 1/2-1/2

[Event "Holsterhausen- Lasker Köln 2"]
[Site "?"]
[Date "2022.10.30"]
[Round "3.3"]
[White "Rosenkraenzer, Torsten"]
[Black "Kortenbusch, Christoph"]
[Result "1/2-1/2"]
[WhiteElo "2008"]
[BlackElo "2073"]
[PlyCount "83"]
[SourceVersionDate "2023.06.22"]

1. d4 Nf6 2. c4 e5 3. dxe5 Ng4 4. e4 Nxe5 5. f4 Ng6 6. Nc3 Bb4 7. Nge2 Qf6 8.
g3 d6 9. a3 Ba5 10. Be3 Bg4 11. Bd4 Bxc3+ 12. Bxc3 Qe7 13. Qd3 O-O 14. Kf2 Nd7
15. b4 Rfe8 16. Bg2 Bxe2 17. Qxe2 f5 18. Rhe1 Nf6 19. exf5 Qxe2+ 20. Rxe2 Ng4+
21. Ke1 Ne3 22. fxg6 Nxg2+ 23. Kf2 Rxe2+ 24. Kxe2 Re8+ 25. Kf2 Ne3 26. gxh7+
Kxh7 27. Re1 Ng4+ 28. Kg1 Rxe1+ 29. Bxe1 Ne3 30. c5 Nc2 31. cxd6 cxd6 32. Bc3
Nxa3 33. Kf2 Nb5 34. Bb2 b6 35. Ke3 a5 36. bxa5 bxa5 37. Kd3 d5 38. f5 a4 39.
f6 gxf6 40. Bxf6 Kg6 41. Ba1 Kf5 42. h3 1/2-1/2

[Event "Holsterhausen- Lasker Köln 2"]
[Site "?"]
[Date "2022.10.30"]
[Round "3.4"]
[White "Sicars, Thorsten"]
[Black "Senay, Baris"]
[Result "0-1"]
[WhiteElo "2021"]
[BlackElo "1956"]
[PlyCount "102"]
[SourceVersionDate "2023.06.22"]

1. c4 Nf6 2. Nc3 g6 3. e4 d6 4. d4 Bg7 5. Be2 O-O 6. Nf3 e5 7. d5 Nbd7 8. Bg5
h6 9. Bh4 a6 10. Nd2 Qe8 11. O-O Nh7 12. b4 Ng5 13. f3 f5 14. Bf2 Nf6 15. c5
Nh5 16. Re1 Qe7 17. Rc1 Nf4 18. Bf1 Bd7 19. a4 fxe4 20. Ndxe4 Nfh3+ 21. gxh3
Nxf3+ 22. Kg2 Nxe1+ 23. Qxe1 Rf7 24. Be2 Raf8 25. Be3 Bf5 26. b5 Qd7 27. Qg3
axb5 28. cxd6 b4 29. Nc5 Qxd6 30. Nxb7 Qf6 31. Nb5 Be4+ 32. Kg1 Bxd5 33. Na5 c6
34. Na7 b3 35. Nxb3 Bxb3 36. Nxc6 Bxa4 37. Nb4 Kh7 38. Bc5 Rc8 39. Nd5 Qe6 40.
Ne3 Rfc7 41. Bg4 Qb3 42. Bxc8 Rxc8 43. Qe1 Qe6 44. Qg3 Bf8 45. Ra1 Bxc5 46.
Rxa4 Qb6 47. Qxe5 Bxe3+ 48. Kg2 Rc2+ 49. Kf3 Rf2+ 50. Kg3 Rf7 51. Re4 Bg5 0-1

[Event "Holsterhausen- Lasker Köln 2"]
[Site "?"]
[Date "2022.10.30"]
[Round "3.5"]
[White "Fohler, Claus"]
[Black "Lindenmaier, Reinhard"]
[Result "1/2-1/2"]
[WhiteElo "2290"]
[BlackElo "2087"]
[PlyCount "83"]
[SourceVersionDate "2023.06.22"]

1. d4 d6 2. Nf3 Bg4 3. e4 Nd7 4. Bc4 e6 5. Be3 Nb6 6. Bd3 d5 7. Nbd2 Nf6 8. e5
Nfd7 9. c3 Be7 10. Qb1 g6 11. b4 a5 12. a3 a4 13. Qa2 O-O 14. O-O-O Kg7 15.
Rdg1 f6 16. exf6+ Bxf6 17. Re1 Re8 18. Bf4 Nc8 19. Re2 Nd6 20. Rhe1 g5 21. Bg3
Nf8 22. Qc2 Qd7 23. h3 Bh5 24. Be5 Bxe5 25. Nxe5 Qd8 26. g4 Bg6 27. Rf1 Qf6 28.
f4 gxf4 29. Ref2 Bxd3 30. Nxd3 Ng6 31. Nxf4 Nxf4 32. Rxf4 Qg6 33. Rf6 Qxc2+ 34.
Kxc2 e5 35. dxe5 Rxe5 36. R6f3 Rae8 37. Rd3 c6 38. Rf2 Re2 39. Rxe2 Rxe2 40.
Kd1 Rh2 41. Re3 Kf7 42. Rf3+ 1/2-1/2

[Event "Holsterhausen- Lasker Köln 2"]
[Site "?"]
[Date "2022.10.30"]
[Round "3.7"]
[White "Wolters, Michael"]
[Black "Warmbier, Robert"]
[Result "1/2-1/2"]
[WhiteElo "1560"]
[BlackElo "1828"]
[PlyCount "38"]
[SourceVersionDate "2023.06.22"]

1. e4 c5 2. Nf3 e6 3. d4 cxd4 4. Nxd4 a6 5. c4 Qc7 6. Nc3 Nc6 7. Be3 Nf6 8. Be2
Be7 9. O-O O-O 10. f4 d6 11. f5 Ne5 12. Rc1 Bd7 13. Qe1 Kh8 14. Kh1 Rae8 15. a3
Bd8 16. g4 Bc6 17. Rf4 Ned7 18. Nxc6 Qxc6 19. Bd3 Nc5 1/2-1/2

[Event "Holsterhausen- Lasker Köln 2"]
[Site "?"]
[Date "2022.10.30"]
[Round "3.8"]
[White "Gebauer, Ulrich"]
[Black "Loeschcke, Christian"]
[Result "0-1"]
[WhiteElo "1609"]
[BlackElo "2035"]
[PlyCount "52"]
[SourceVersionDate "2023.06.22"]

1. d4 Nf6 2. Bf4 g6 3. Nc3 d5 4. e3 Bg7 5. h4 c6 6. Bd3 Nbd7 7. Nf3 Nf8 8. Ne5
Qa5 9. Qd2 Nh5 10. Bh2 f6 11. g4 fxe5 12. dxe5 Bxg4 13. f4 e6 14. Rg1 Bf5 15.
Be2 Bh6 16. O-O-O O-O-O 17. Kb1 a6 18. Bxh5 gxh5 19. Qf2 Nd7 20. Rd2 Bf8 21.
Rdd1 Nb6 22. Ne2 Nc4 23. Nd4 Nxb2 24. Nxf5 Nxd1 25. Rxd1 Qb4+ 26. Kc1 exf5 0-1

[Event "Kleve- Duisburg"]
[Site "?"]
[Date "2022.10.30"]
[Round "3.1"]
[White "Heisel, Guido"]
[Black "Shakhverdian, William"]
[Result "1-0"]
[WhiteElo "2126"]
[BlackElo "2133"]
[PlyCount "79"]
[SourceVersionDate "2023.06.22"]

1. d4 d5 2. Nf3 Nf6 3. e3 c5 4. c3 e6 5. Bd3 Nc6 6. O-O Bd6 7. Nbd2 O-O 8. dxc5
Bxc5 9. e4 Bb6 10. Qe2 Bc7 11. b3 Re8 12. Bb2 e5 13. Rad1 Be6 14. exd5 Nxd5 15.
Bc4 Qe7 16. Bxd5 Bxd5 17. c4 Be6 18. Rfe1 Bg4 19. h3 Bh5 20. g4 Bg6 21. Nf1 e4
22. N3d2 Bf4 23. Ne3 Be5 24. Ndf1 Qh4 25. Kg2 Bxb2 26. Qxb2 Ne5 27. Nd5 Nd3 28.
Qd4 h5 29. Nh2 Rad8 30. Rxd3 hxg4 31. Rg3 f5 32. Qe3 Bf7 33. hxg4 Bxd5 34. cxd5
Rxd5 35. gxf5 Rxf5 36. Qd4 Re7 37. Rg4 Rg5 38. Rexe4 Rf7 39. Nf3 Rxg4+ 40. Rxg4
1-0

[Event "Kleve- Duisburg"]
[Site "?"]
[Date "2022.10.30"]
[Round "3.2"]
[White "Verfuerth, Kevin"]
[Black "Hehlke, Oliver"]
[Result "1/2-1/2"]
[WhiteElo "1985"]
[BlackElo "1945"]
[PlyCount "47"]
[SourceVersionDate "2023.06.22"]

1. c4 Nf6 2. Nf3 b6 3. g3 e6 4. Bg2 Bb7 5. O-O Be7 6. b3 O-O 7. Bb2 c5 8. d4
cxd4 9. Nxd4 Bxg2 10. Kxg2 Nc6 11. Nxc6 dxc6 12. Qc2 Qc7 13. Nd2 Rad8 14. Ne4
Nxe4 15. Qxe4 Bf6 16. Bxf6 gxf6 17. Rfd1 c5 18. h4 Rd7 19. Rxd7 Qxd7 20. Qf4
Kg7 21. Qg4+ Kh8 22. Qf4 Kg7 23. Qg4+ Kh8 24. Qf4 1/2-1/2

[Event "Kleve- Duisburg"]
[Site "?"]
[Date "2022.10.30"]
[Round "3.3"]
[White "Sirringhaus, Wilfried"]
[Black "Wiegersma, Justus"]
[Result "0-1"]
[WhiteElo "2150"]
[BlackElo "1960"]
[PlyCount "80"]
[SourceVersionDate "2023.06.22"]

1. e4 b6 2. d4 Bb7 3. d5 c6 4. Nc3 cxd5 5. exd5 Nf6 6. Nf3 e6 7. d6 a6 8. Bf4
Nc6 9. Qd2 Rc8 10. h4 b5 11. a3 Na5 12. Ne5 Nd5 13. Be2 Nxf4 14. Qxf4 Qf6 15.
Qxf6 gxf6 16. Ng4 Bg7 17. f4 Nc4 18. f5 Nxd6 19. h5 Nxf5 20. h6 Bf8 21. Nxf6+
Ke7 22. Nh5 Bxg2 23. Rg1 Bb7 24. Bd3 Nxh6 25. Be4 Bxe4 26. Nxe4 Rxc2 27. b4 Rc6
28. Rd1 f5 29. Nef6 d6 30. Rg2 Rc4 31. Rgd2 Kf7 32. Rxd6 Bxd6 33. Rxd6 Ng4 34.
Rd7+ Kg6 35. Rg7+ Kh6 36. Ra7 Nxf6 37. Nxf6 Rc6 38. Nd7 Rg8 39. Nc5 Rg2 40. Re7
Ra2 0-1

[Event "Kleve- Duisburg"]
[Site "?"]
[Date "2022.10.30"]
[Round "3.4"]
[White "Van Kuijk, Vadim"]
[Black "Große- Frintrop, Gerd"]
[Result "1-0"]
[WhiteElo "1926"]
[BlackElo "2085"]
[Annotator "daniel"]
[PlyCount "80"]
[SourceVersionDate "2023.06.22"]

1. e4 e6 2. d4 d5 3. Nc3 dxe4 4. Nxe4 Nd7 5. Nf3 Ngf6 6. Bg5 Be7 7. Nxf6+ Bxf6
8. Bxf6 Qxf6 9. Bd3 c5 10. Be4 O-O 11. O-O cxd4 12. Qxd4 Qxd4 13. Nxd4 Nc5 14.
Bf3 e5 15. Nb3 Na4 16. Na5 Rb8 17. b3 Nc5 18. Rfe1 Re8 19. Rad1 f6 20. Rd5 Ne6
21. Red1 Nd4 22. c3 Nxf3+ 23. gxf3 Be6 24. Rb5 b6 25. Rd6 Rbd8 26. Rxd8 Rxd8
27. Nc6 Rd6 28. Nb4 Bh3 29. Rd5 Rxd5 30. Nxd5 Kf7 31. c4 Ke6 32. Nc7+ Kd7 33.
Nb5 a6 34. Nc3 Kd6 35. Ne4+ Kc6 36. a3 Be6 37. Kf1 f5 38. Nc3 b5 39. cxb5+ axb5
40. b4 g5 {ZÜ} 1-0